| 000 | 01539cam a2200361 a 4500 | ||
|---|---|---|---|
| 001 | 12903700 | ||
| 003 | NUST-PNEC | ||
| 005 | 20170116180711.0 | ||
| 008 | 020822s2002 nyua bf 001 0 eng | ||
| 010 | _a 2002511505 | ||
| 020 | _a0071384766 | ||
| 040 | _cPNEC | ||
| 050 | 0 | 0 |
_aTP1130 _b.H36 2002 |
| 082 | 0 | 4 | _a668.4 HAR |
| 100 |
_9566 _aHarper, Charles A. |
||
| 245 | 0 | 0 |
_aHandbook of plastics, elastomers, and composites / _cCharles A. Harper, editor-in-chief. |
| 246 | 1 | 4 | _aHandbook of plastics, elastomers & composites |
| 250 | _a4th ed. | ||
| 260 |
_aNew York : _bMcGraw-Hill, _cc2002. |
||
| 300 |
_axii, 884 p. : _bill. ; _c24 cm. |
||
| 490 | 0 | _aMcGraw-Hill handbooks | |
| 500 | _aIncludes Index http://www.amazon.fr/Handbook-Plastics-Elastomers-Composites-Charles/dp/0071384766/ref=sr_1_1?ie=UTF8&qid=1413014105&sr=8-1&keywords=0071384766 | ||
| 504 | _aIncludes bibliographical references and index. | ||
| 650 | 0 |
_aPlastics _vHandbooks, manuals, etc. _xIME |
|
| 650 | 0 |
_aElastomers _vHandbooks, manuals, etc. |
|
| 700 | 1 | _aHarper, Charles A. | |
| 856 | 4 | 2 |
_3Contributor biographical information _uhttp://www.loc.gov/catdir/bios/mh041/2002511505.html |
| 856 | 4 | 1 |
_3Table of contents _uhttp://www.loc.gov/catdir/toc/mh031/2002511505.html |
| 856 | 4 | 2 |
_3Publisher description _uhttp://www.loc.gov/catdir/description/mh031/2002511505.html |
| 906 |
_a7 _bcbc _corigcop _d2 _encip _f20 _gy-gencatlg |
||
| 942 |
_2ddc _cBK |
||
| 999 |
_c60968 _d60968 |
||